Návrh informačného systému pre evidenciu poštového úveru = Information system for evidence ofpost credit : Diplomová práca

Salvato in:
Dettagli Bibliografici
Autore principale: Surkoš, Samuel (Autore)
Altri autori: Drobná, Katarína, 1982- (xxx)
Natura: Manoscritto Libro
Lingua:slovacco
Pubblicazione: Trnava : STU v Bratislave MTF UIAM, 2009
Soggetti:
Tags: Aggiungi Tag
Nessun Tag, puoi essere il primo ad aggiungerne!!

MARC

LEADER 00000ntm a22000003a 4500
001 stu197548
005 20160719160131.3
008 100107s2009----xo------------------slo-d
040 |a STU  |b slo 
041 0 |a slo 
044 |a xo 
100 1 |a Surkoš, Samuel  |4 aut 
245 1 |a Návrh informačného systému pre evidenciu poštového úveru = Information system for evidence ofpost credit :  |b Diplomová práca 
260 |a Trnava :  |b STU v Bratislave MTF UIAM,  |c 2009 
300 |a 72 s  |c príl (1 CD-ROM) 
500 |a Študijný program: automatizácia a informatizácia procesov 
500 |a Študijný odbor: 5.2.14 automatizácia 
650 7 |a UML  |2 stusub 
650 7 |a SQL  |2 stusub 
700 1 |a Drobná, Katarína,  |d 1982-  |4 xxx  |u M6000  |U MTF Materiálovotechnologická fakulta  |T MTF Ústav aplikovanej informatiky, automatizácie a matematiky  |X 25185  |U M6000  |Y 86  |7 A000025185 
700 1 |a Kebísek, Michal,  |d 1974-  |4 csl  |u M6000  |U MTF Materiálovotechnologická fakulta  |T MTF Ústav aplikovanej informatiky, automatizácie a matematiky  |X 2798  |U M6000  |Y 86  |7 A000002798 
996 |b 284M071976  |c M*DP-8538  |l MMSKP  |s P  |a 0  |w stu197548_0001